Politics : a very short introduction (Record no. 281228)

MARC details
000 -LEADER
fixed length control field 00548nam a2200193Ia 4500
008 - FIXED-LENGTH DATA ELEMENTS--GENERAL INFORMATION
fixed length control field 191130s1995##################000#0#eng##
020 ## - INTERNATIONAL STANDARD BOOK NUMBER
ISBN 9780195671919
082 ## - DEWEY DECIMAL CLASSIFICATION NUMBER
Classification number 320 MIN
100 ## - MAIN ENTRY--AUTHOR NAME
Personal name Minogue, Kenneth R
245 ## - TITLE STATEMENT
Title Politics : a very short introduction
Statement of responsibility, etc Kenneth Minogue
260 ## - PUBLICATION, DISTRIBUTION, ETC. (IMPRINT)
Place of publication Oxford
Name of publisher Oxford University Press
Year of publication c1995
300 ## - PHYSICAL DESCRIPTION
Number of Pages 118 p. ; 18 cm
500 ## - GENERAL NOTE
General note Includes index
650 ## - SUBJECT ADDED ENTRY--TOPICAL TERM
Topical Term Political science
991 ## -
-- 193715
Holdings
Withdrawn status Lost status Damaged status Not for loan Home library Current library Shelving location Date acquired Full call number Accession Number Price effective from Koha item type
        Anna Centenary Library Anna Centenary Library 3RD FLOOR, B WING 15.10.2020 320 MIN 111760 15.10.2020 English Books
        Anna Centenary Library Anna Centenary Library 3RD FLOOR, B WING 15.10.2020 320 MIN 112244 15.10.2020 Books

Find us on the map